{"text_format":"3","workbook":"xlsx","n_sheets":3,"sheets":["Лист1","Лист2","Лист3"],"read":"whole","date_system":"1900"}

{"sheet":"Лист1","index":0,"n_rows":25,"n_cols":15,"rows_kept":25}
["№","Фамилия","Имя","Отчество","Дата рождения","Пол","Участник с ОВЗ (да/нет)","Класс обучения","Класс участия","Балл","Максимальный балл","Статус","Призёр муниципального этапа прошлого года","ФИО учителя","Место работы учителя"]
[1,"Гасанбекова ","Фатима","Умалатовна","2006-11-26","Ж","нет",10,10,35,100,"Участник","нет","Гусейнова Эльнара Сулейман кызы","Муниципальное бюджетное общеобразовательное учреждение \"МБОУ Гимназия №52»\" г.Казани Республики Татарстан"]
[2,"Шарапова","Алина","Шарапова","2006-08-17","Ж","нет",10,10,39,100,"Участник","нет","Гусейнова Эльнара Сулейман кызы","Муниципальное бюджетное общеобразовательное учреждение \"МБОУ Гимназия №52»\" г.Казани Республики Татарстан"]
[3,"Фасикова","Аделя","Айратовна","2006-08-22","Ж","нет",10,10,29,100,"Участник","нет","Гусейнова Эльнара Сулейман кызы","Муниципальное бюджетное общеобразовательное учреждение \"МБОУ Гимназия №52»\" г.Казани Республики Татарстан"]
[4,"Шаяхметова","Диана","Ильдаровна","2006-05-28","Ж","нет",10,10,22,100,"Участник","нет","Гусейнова Эльнара Сулейман кызы","Муниципальное бюджетное общеобразовательное учреждение \"МБОУ Гимназия №52»\" г.Казани Республики Татарстан"]
[5,"Бобков","Кирилл","Валерьевич","2005-11-29","М","нет",10,10,58,100,"призер","нет","Гусейнова Эльнара Сулейман кызы","Муниципальное бюджетное общеобразовательное учреждение \"МБОУ Гимназия №52»\" г.Казани Республики Татарстан"]
[6,"Азмуханова","Лейсян","Рамилевна","2007-01-14","Ж","нет",10,10,34,100,"Участник","нет","Сухорученко Любовь Васильевна","Муниципальное бюджетное общеобразовательное учреждение \"МБОУ Гимназия №52»\" г.Казани Республики Татарстан"]
[7,"Каюмова","Камилла","Рамилевна","2006-06-04","Ж","нет",10,10,18,100,"Участник","нет","Сухорученко Любовь Васильевна","Муниципальное бюджетное общеобразовательное учреждение \"МБОУ Гимназия №52»\" г.Казани Республики Татарстан"]
[8,"Байбулатов","Тагир","Ильдарович","2006-07-07","М","нет",10,10,25,100,"Участник","нет","Сухорученко Любовь Васильевна","Муниципальное бюджетное общеобразовательное учреждение \"МБОУ Гимназия №52»\" г.Казани Республики Татарстан"]
[9,"Чухутин","Данил","Дмитриевич","2006-07-04","М","нет",10,10,25,100,"Участник","нет","Сухорученко Любовь Васильевна","Муниципальное бюджетное общеобразовательное учреждение \"МБОУ Гимназия №52»\" г.Казани Республики Татарстан"]
[10,"Петров","Илья","Дмитриевич","2006-04-27","М","нет",10,10,39,100,"Участник","нет","Сухорученко Любовь Васильевна","Муниципальное бюджетное общеобразовательное учреждение \"МБОУ Гимназия №52»\" г.Казани Республики Татарстан"]
[16,"Самаркин","Артур","Валерьвич","2006-02-14","М","нет",10,10,6,100,"Участник","нет","Сухорученко Любовь Васильевна","Муниципальное бюджетное общеобразовательное учреждение \"МБОУ Гимназия №52»\" г.Казани Республики Татарстан"]
[17,"Шагиахметова Амира","Амира","Маратовна","2007-03-16","Ж","нет",10,10,31,100,"Участник","нет","Сухорученко Любовь Васильевна","Муниципальное бюджетное общеобразовательное учреждение \"МБОУ Гимназия №52»\" г.Казани Республики Татарстан"]
[18,"Хасаншина ","Регина","Рамилевна","2005-11-22","Ж","нет",10,10,36,100,"Участник","нет","Гусейнова Эльнара Сулейман кызы","Муниципальное бюджетное общеобразовательное учреждение \"МБОУ Гимназия №52»\" г.Казани Республики Татарстан"]
[19,"Багаутдинова","Самира","Нуршатовна","2006-04-07","Ж","нет",10,10,35,100,"Участник","нет","Сухорученко Любовь Васильевна","Муниципальное бюджетное общеобразовательное учреждение \"МБОУ Гимназия №52»\" г.Казани Республики Татарстан"]
[20,"Абдракипова","Айгуль","Айдаровна","2005-12-30","Ж","нет",10,10,19,100,"Участник","нет","Сухорученко Любовь Васильевна","Муниципальное бюджетное общеобразовательное учреждение \"МБОУ Гимназия №52»\" г.Казани Республики Татарстан"]
[21,"Якупова","Камила","Радэлевна","2005-12-31","Ж","нет",10,10,29,100,"Участник","нет","Сухорученко Любовь Васильевна","Муниципальное бюджетное общеобразовательное учреждение \"МБОУ Гимназия №52»\" г.Казани Республики Татарстан"]
[22,"Давлетова","Карина","Равилевна","2006-10-25","Ж","нет",10,10,23,100,"Участник","нет","Сухорученко Любовь Васильевна","Муниципальное бюджетное общеобразовательное учреждение \"МБОУ Гимназия №52»\" г.Казани Республики Татарстан"]
[23,"Зайцева","Анна","Алексеевна","2007-05-15","Ж","нет",10,10,20,100,"Участник","нет","Сухорученко Любовь Васильевна","Муниципальное бюджетное общеобразовательное учреждение \"МБОУ Гимназия №52»\" г.Казани Республики Татарстан"]
[24,"Золотова","Елизавета","Владимировна","2006-03-24","Ж","нет",10,10,35,100,"Участник","нет","Сухорученко Любовь Васильевна","Муниципальное бюджетное общеобразовательное учреждение \"МБОУ Гимназия №52»\" г.Казани Республики Татарстан"]
[25,"Камбаров ","Шахриёрбек","Дилшодбек угли","2006-05-25","М","нет",10,10,29,100,"Участник","нет","Гусейнова Эльнара Сулейман кызы","Муниципальное бюджетное общеобразовательное учреждение \"МБОУ Гимназия №52»\" г.Казани Республики Татарстан"]
[26,"Долбунов","Никита","Алексеевич","2006-08-05","М","нет",10,10,54,100,"призер","нет","Сухорученко Любовь Васильевна","Муниципальное бюджетное общеобразовательное учреждение \"МБОУ Гимназия №52»\" г.Казани Республики Татарстан"]
[45,"Душаткин ","Фёдор","Николаевич","2006-05-11","М","нет",10,10,12,100,"Участник","нет","Гусейнова Эльнара Сулейман кызы","Муниципальное бюджетное общеобразовательное учреждение \"МБОУ Гимназия №52»\" г.Казани Республики Татарстан"]
[46,"Гурбанов","Тимур","Тагандурдыевич ","2006-04-13","М","нет",10,10,38,100,"Участник","нет","Гусейнова Эльнара Сулейман кызы","Муниципальное бюджетное общеобразовательное учреждение \"МБОУ Гимназия №52»\" г.Казани Республики Татарстан"]
[47]

{"sheet":"Лист2","index":1,"n_rows":0,"n_cols":0,"rows_kept":0}

{"sheet":"Лист3","index":2,"n_rows":0,"n_cols":0,"rows_kept":0}